[Event "XIII Festival A"]
[Site "Trieste ITA"]
[Date "2011.09.07"]
[Round "6"]
[White "Butala, Marjan"]
[Black "Martinsen, Stig K."]
[WhiteElo "2074"]
[BlackElo "2173"]
[Result "1-0"]
[PlyCount "65"]
[EventDate "2011.09.03"]

1. Nf3 d6 2. d4 g6 3. e4 Nf6 4. Nc3 Bg7 5. Be2 O-O 6. h3 c5 7. d5 b5 8. Qd3 c4
9. Qe3 e6 10. dxe6 Bxe6 11. Nxb5 Qa5+ 12. Nc3 Nxe4 13. Qxe4 Bxc3+ 14. Nd2 d5
15. Qf3 Bg7 16. O-O Nd7 17. c3 Rab8 18. Qg3 Nc5 19. Nf3 Rfe8 20. Nd4 Bd7 21.
Qf3 Na4 22. Bd1 Nxb2 23. Bc2 Na4 24. Bxa4 Bxa4 25. Bf4 Rb7 26. Rab1 Rxb1 27.
Rxb1 Bxd4 28. cxd4 Re1+ 29. Rxe1 Qxe1+ 30. Kh2 Qe6 31. Qa3 Qd7 32. Bh6 Qe8 33.
Qd6 1-0

[Event "XIII Festival A"]
[Site "Trieste ITA"]
[Date "2011.09.07"]
[Round "6"]
[White "De Val, Daniele"]
[Black "Bensch, Patrick"]
[WhiteElo "2220"]
[BlackElo "2175"]
[Result "0-1"]
[PlyCount "100"]
[EventDate "2011.09.03"]

1. c4 Nf6 2. g3 d5 3. cxd5 Nxd5 4. Bg2 Nc6 5. Nc3 Nb6 6. b3 g6 7. Bb2 Bg7 8.
Nf3 O-O 9. O-O a5 10. d3 e5 11. Nd2 Nd4 12. Nc4 Nxc4 13. dxc4 c6 14. e3 Nf5 15.
Ba3 Re8 16. Qe2 Be6 17. Rad1 Qc7 18. Rd2 Red8 19. Rfd1 h5 20. Na4 Bf8 21. Bc5
Bxc5 22. Nxc5 Rxd2 23. Qxd2 Ng7 24. Bf3 Bf5 25. Qd6 Qxd6 26. Rxd6 Rb8 27. Nd7
Bxd7 28. Rxd7 Ne6 29. Kf1 Kf8 30. Bd1 Ke8 31. Rd2 Ke7 32. Ke2 b5 33. cxb5 cxb5
34. a3 b4 35. Rd5 a4 36. axb4 axb3 37. Bxb3 Rxb4 38. Ba2 Rb2+ 39. Rd2 Rxd2+ 40.
Kxd2 Ng5 41. Kd3 f5 42. h4 Ne4 43. f4 Kf6 44. fxe5+ Kxe5 45. Bf7 Kf6 46. Bd5
Nxg3 47. Kd4 g5 48. hxg5+ Kxg5 49. Ke5 h4 50. Bg2 Kg4 0-1

[Event "XIII Festival A"]
[Site "Trieste ITA"]
[Date "2011.09.07"]
[Round "6"]
[White "Fruehauf, Norbert"]
[Black "Samuelli, Daniele"]
[WhiteElo "2078"]
[BlackElo "1940"]
[Result "0-1"]
[PlyCount "58"]
[EventDate "2011.09.03"]

1. e4 e6 2. d4 d5 3. Nd2 dxe4 4. Nxe4 Nd7 5. Nf3 Ngf6 6. Bd3 Be7 7. O-O O-O 8.
Qe2 c5 9. Rd1 cxd4 10. Nxd4 Nxe4 11. Bxe4 Bf6 12. Be3 Qe7 13. c3 h6 14. Rd2 Nc5
15. Bc2 g6 16. Bxh6 Re8 17. b4 Nd7 18. Rad1 e5 19. Nb3 Nf8 20. Be4 Rb8 21. Nc5
Bg7 22. Bxg7 Kxg7 23. a4 a5 24. Qb5 axb4 25. cxb4 Ne6 26. Nxe6+ Bxe6 27. Bc2
Qg5 28. Qd3 Rbc8 29. Bb3 Red8 0-1

[Event "XIII Festival A"]
[Site "Trieste ITA"]
[Date "2011.09.07"]
[Round "6"]
[White "Gikas, Andreas Basilius"]
[Black "Ivanovic, Andrej"]
[WhiteElo "2192"]
[BlackElo "2016"]
[Result "1-0"]
[PlyCount "136"]
[EventDate "2011.09.03"]

1. e4 e6 2. d4 d5 3. Nc3 Bb4 4. e5 b6 5. a3 Bf8 6. Bb5+ c6 7. Ba4 b5 8. Bb3 Bd7
9. Be3 Ne7 10. Nce2 Nf5 11. Qd2 c5 12. c3 c4 13. Bc2 Nxe3 14. Qxe3 Nc6 15. Nf3
a5 16. Qf4 Be7 17. h4 h6 18. Rh3 Qc7 19. h5 Rb8 20. Rg3 Bf8 21. Nh4 Bc8 22. Rf3
Qe7 23. g3 Nd8 24. Qd2 a4 25. Nf4 Qc7 26. Re3 Be7 27. Nfg2 Kd7 28. f4 Kc6 29.
Qe2 Bd7 30. Qg4 Bf8 31. Qf3 Kb6 32. Re2 Be7 33. Qg4 Bf8 34. Ne3 Bc6 35. Nhg2
Qd7 36. O-O-O Ka6 37. Rf2 Rb7 38. Rdf1 Qc8 39. Kb1 Bd7 40. f5 Qc6 41. Nf4 Rg8
42. fxe6 Nxe6 43. Nfxd5 Ng5 44. Bf5 Bxf5+ 45. Rxf5 Rd7 46. Nb4+ Bxb4 47. axb4
Qe4+ 48. Qxe4 Nxe4 49. Rxf7 Nd2+ 50. Kc1 Nxf1 51. Rxf1 Re8 52. Rf5 Kb6 53. Kd2
a3 54. bxa3 Ra8 55. Nc2 Kc6 56. Ke3 Kd5 57. Kf4 Ke6 58. Ke4 Rdd8 59. g4 Ra6 60.
d5+ Rxd5 61. Nd4+ Rxd4+ 62. cxd4 Rxa3 63. d5+ Ke7 64. e6 Rd3 65. Rf7+ Kd8 66.
Rd7+ Kc8 67. d6 Rd2 68. Rc7+ Kb8 1-0

[Event "XIII Festival A"]
[Site "Trieste ITA"]
[Date "2011.09.07"]
[Round "6"]
[White "Grigorov, Grigor"]
[Black "Chatalbashev, Boris"]
[WhiteElo "2484"]
[BlackElo "2566"]
[Result "1/2-1/2"]
[PlyCount "27"]
[EventDate "2011.09.03"]

1. d4 Nf6 2. c4 e6 3. Nc3 Bb4 4. Qc2 O-O 5. a3 Bxc3+ 6. Qxc3 b6 7. Bg5 Bb7 8.
e3 d6 9. Ne2 Nbd7 10. Qd3 h6 11. Bh4 Qe7 12. Nc3 c5 13. Be2 Rac8 14. O-O
1/2-1/2

[Event "XIII Festival A"]
[Site "Trieste ITA"]
[Date "2011.09.07"]
[Round "6"]
[White "Hansen, Victor"]
[Black "Franca, Veronika"]
[WhiteElo "2123"]
[BlackElo "1833"]
[Result "1/2-1/2"]
[PlyCount "109"]
[EventDate "2011.09.03"]

1. d4 Nf6 2. c4 g6 3. Nc3 Bg7 4. g3 O-O 5. Bg2 d6 6. e4 Nc6 7. Nf3 a6 8. O-O
Rb8 9. Qe2 Bg4 10. Be3 e5 11. d5 Nd4 12. Qd1 Nd7 13. h3 Nxf3+ 14. Bxf3 Bxh3 15.
Bg2 Bxg2 16. Kxg2 f5 17. Qd2 Nf6 18. Bg5 Qe8 19. exf5 gxf5 20. Rh1 Qg6 21. Bh6
f4 22. Bxg7 Kxg7 23. Rh3 Ne4 24. Nxe4 Qxe4+ 25. f3 Qg6 26. Rah1 Kg8 27. g4 Rf7
28. Rh6 Qg5 29. Qc2 Qe7 30. Re6 Qd7 31. g5 Re8 32. Rhh6 Rg7 33. Kf1 Rxe6 34.
dxe6 Qc6 35. Qd3 e4 36. Qd5 Qxd5 37. cxd5 Rxg5 38. fxe4 Re5 39. Rf6 Rxe4 40.
Rf7 c6 41. Rxb7 cxd5 42. Ra7 Rxe6 43. Rxa6 d4 44. Ra5 d3 45. Rd5 Re2 46. Rxd3
Rxb2 47. a4 Ra2 48. Rxd6 Rxa4 49. Kf2 Kg7 50. Kf3 h5 51. Rb6 h4 52. Kg4 Ra3 53.
Kxh4 f3 54. Kg3 Kf7 55. Rc6 1/2-1/2

[Event "XIII Festival A"]
[Site "Trieste ITA"]
[Date "2011.09.07"]
[Round "6"]
[White "Laco, Giuseppe"]
[Black "Pasquotto, Mirko"]
[WhiteElo "2116"]
[BlackElo "1899"]
[Result "1-0"]
[PlyCount "85"]
[EventDate "2011.09.03"]

1. c4 Nf6 2. Nc3 g6 3. e4 d6 4. d4 Bg7 5. f3 O-O 6. Be3 c5 7. d5 Qa5 8. Qd2
Nbd7 9. g4 a6 10. h4 b5 11. h5 Ne5 12. cxb5 axb5 13. h6 Bh8 14. g5 b4 15. Nd1
Nh5 16. Kf2 f5 17. gxf6 Bxf6 18. Kg2 Ba6 19. Bxa6 Qxa6 20. Qe2 Nd3 21. Qd2 Be5
22. Ne2 Nhf4+ 23. Nxf4 Nxf4+ 24. Kf2 c4 25. Bxf4 Rxf4 26. Kg2 c3 27. bxc3 bxc3
28. Nxc3 Bxc3 29. Qxc3 Qe2+ 30. Kg3 Rf6 31. Rh2 Qb5 32. a4 Qa5 33. Qxa5 Rxa5
34. f4 Rf8 35. Rc2 Rb8 36. Rc4 Kf7 37. Ra3 Kf6 38. Re3 g5 39. Kg4 gxf4 40. Kxf4
Kg6 41. Rg3+ Kf6 42. Rg7 Rh8 43. Rc7 1-0

[Event "XIII Festival A"]
[Site "Trieste ITA"]
[Date "2011.09.07"]
[Round "6"]
[White "Mertens, Heiko"]
[Black "Srebrnic, Vojko"]
[WhiteElo "2354"]
[BlackElo "2244"]
[Result "1-0"]
[PlyCount "115"]
[EventDate "2011.09.03"]

1. e4 e6 2. d3 d5 3. Nd2 c5 4. Ngf3 Nc6 5. g3 Nf6 6. Bg2 Be7 7. O-O b6 8. Re1
Bb7 9. e5 Nd7 10. Nf1 Qc7 11. Qe2 h6 12. c4 dxc4 13. dxc4 O-O-O 14. b3 g5 15.
h3 Rdg8 16. Bb2 h5 17. N3h2 Nf8 18. Rad1 Ng6 19. Nd2 Rd8 20. Ndf3 Rxd1 21. Rxd1
Rd8 22. Rxd8+ Qxd8 23. Ne1 h4 24. Ng4 Qd7 25. Qd3 a6 26. Qxd7+ Kxd7 27. Nd3 Na5
28. Bxb7 Nxb7 29. Bc1 b5 30. Nf6+ Bxf6 31. exf6 g4 32. gxh4 gxh3 33. h5 Nf8 34.
Ne5+ Ke8 35. Be3 Nh7 36. Ng4 bxc4 37. bxc4 Nd6 38. Bxc5 Nxc4 39. Kh2 Kd7 40. f4
Kc6 41. Be7 Kd5 42. Nh6 e5 43. Kxh3 exf4 44. Nxf7 Ke6 45. Nd8+ Kd7 46. Kg4 Ne3+
47. Kxf4 Nd5+ 48. Kf5 Nxe7+ 49. fxe7 Kxe7 50. Kg6 Nf8+ 51. Kg7 Ke8 52. h6 Ke7
53. Nc6+ Ke8 54. a4 Ne6+ 55. Kg8 Ng5 56. Nb4 Ke7 57. Nxa6 Kf6 58. Nc5 1-0

[Event "XIII Festival A"]
[Site "Trieste ITA"]
[Date "2011.09.07"]
[Round "6"]
[White "Milazzo, Mario"]
[Black "Tonel, Giulia"]
[WhiteElo "2077"]
[BlackElo "1923"]
[Result "1-0"]
[PlyCount "107"]
[EventDate "2011.09.03"]

1. c4 d6 2. Nc3 g6 3. g3 Bg7 4. Bg2 Nc6 5. e3 e5 6. Nge2 Nf6 7. O-O O-O 8. d3
h5 9. h3 Nh7 10. f4 Be6 11. Bd2 Qd7 12. Kh2 Ne7 13. Rc1 c6 14. b3 Rad8 15. Qc2
d5 16. cxd5 Nxd5 17. Nxd5 Bxd5 18. e4 Be6 19. Bb4 Rfe8 20. Rcd1 h4 21. Be1 Nf6
22. Bf2 Nh5 23. g4 Nxf4 24. Nxf4 exf4 25. Bxh4 Rc8 26. Bf3 c5 27. Rc1 Be5 28.
Rfd1 Kg7 29. Kg2 b6 30. Be1 Red8 31. Bc3 f6 32. Qb2 Bxc3 33. Qxc3 Qd4 34. Qd2
g5 35. h4 c4 36. bxc4 Rxc4 37. Rxc4 Bxc4 38. hxg5 fxg5 39. Qb4 Bf7 40. Qe7 Qf6
41. Qb4 a5 42. Qb5 Rc8 43. Rd2 Rc5 44. Qb2 a4 45. d4 Ra5 46. e5 Qg6 47. d5 a3
48. Qd4 Be8 49. e6+ Kf8 50. Qxb6 Rb5 51. Qd4 Qh6 52. d6 Qh4 53. Qf2 Qxf2+ 54.
Kxf2 1-0

[Event "XIII Festival A"]
[Site "Trieste ITA"]
[Date "2011.09.07"]
[Round "6"]
[White "Mocchi, Tullio"]
[Black "Rossi, Carlo"]
[WhiteElo "2259"]
[BlackElo "2346"]
[Result "1/2-1/2"]
[PlyCount "110"]
[EventDate "2011.09.03"]

1. d4 e5 2. dxe5 Nc6 3. Nf3 f6 4. exf6 Nxf6 5. Bg5 d5 6. e3 Be6 7. c3 Bd6 8.
Nbd2 O-O 9. Bd3 Qe8 10. Qc2 Qh5 11. Bxf6 Rxf6 12. O-O-O Kh8 13. h3 Bg8 14. g4
Qe8 15. g5 Rf8 16. Rdg1 Ne5 17. Nxe5 Qxe5 18. Nf1 c5 19. f4 Qe8 20. Bxh7 Bxh7
21. g6 Rxf4 22. Rg4 Rf6 23. Rhg1 Bxg6 24. Rxg6 Rxg6 25. Rxg6 Qe5 26. Rg4 Be7
27. Qg6 Bf6 28. h4 b5 29. Rf4 Qe8 30. Qxe8+ Rxe8 31. Kd2 Kg8 32. Ng3 Be5 33.
Rg4 Kf7 34. Ne2 a5 35. Nf4 Rd8 36. Nd3 Bd6 37. Rg5 Be7 38. Rf5+ Ke6 39. Rh5 Bd6
40. Rg5 Rd7 41. h5 Rf7 42. Ke2 a4 43. a3 Re7 44. Rg6+ Kd7 45. Kd2 Rf7 46. Rg4
Ke6 47. Ke2 Re7 48. Rg5 Rf7 49. Rg6+ Kd7 50. Nf2 Re7 51. Rg4 Kc6 52. Nd3 Rf7
53. Rg5 Re7 54. Kf3 Rf7+ 55. Ke2 Re7 1/2-1/2

[Event "XIII Festival A"]
[Site "Trieste ITA"]
[Date "2011.09.07"]
[Round "6"]
[White "Narayanan, Srinath"]
[Black "Schwarzmeier, Klaus"]
[WhiteElo "2336"]
[BlackElo "2020"]
[Result "1-0"]
[PlyCount "51"]
[EventDate "2011.09.03"]

1. e4 e6 2. d4 d5 3. Nd2 Nf6 4. e5 Nfd7 5. Bd3 c5 6. c3 Nc6 7. Ngf3 Qb6 8. O-O
Be7 9. dxc5 Nxc5 10. Bc2 a5 11. a4 g5 12. Re1 Bd7 13. Nf1 g4 14. Nd4 h5 15. Nb5
Na7 16. Nd6+ Bxd6 17. exd6 Qxd6 18. Qd4 Rf8 19. b4 axb4 20. cxb4 Na6 21. b5 Nc5
22. Bf4 Qb6 23. Ne3 Kd8 24. Qf6+ Kc8 25. Nxd5 Qd8 26. Ne7+ 1-0

[Event "XIII Festival A"]
[Site "Trieste ITA"]
[Date "2011.09.07"]
[Round "6"]
[White "Oparin, Grigoriy"]
[Black "Khmelniker, Ilya"]
[WhiteElo "2413"]
[BlackElo "2518"]
[Result "1/2-1/2"]
[PlyCount "44"]
[EventDate "2011.09.03"]

1. e4 e5 2. Nf3 Nc6 3. Bb5 Nf6 4. d3 Bc5 5. O-O d6 6. c3 O-O 7. Nbd2 a6 8. Ba4
h6 9. h3 Ne7 10. d4 Ba7 11. Re1 Ng6 12. Bc2 Re8 13. Nf1 exd4 14. cxd4 d5 15. e5
Ne4 16. N1d2 Nxd2 17. Bxd2 Be6 18. Be3 Qd7 19. Qd3 Qb5 20. Qa3 Qd7 21. Qd3 Qb5
22. Qa3 Qd7 1/2-1/2

[Event "XIII Festival A"]
[Site "Trieste ITA"]
[Date "2011.09.07"]
[Round "6"]
[White "Suc, Timothy"]
[Black "Kragelj, Igor"]
[WhiteElo "2053"]
[BlackElo "2219"]
[Result "1/2-1/2"]
[PlyCount "70"]
[EventDate "2011.09.03"]

1. e4 c5 2. Nf3 e6 3. c3 Nf6 4. e5 Nd5 5. g3 d6 6. exd6 Bxd6 7. Bg2 Nc6 8. d4
cxd4 9. Nxd4 Nxd4 10. Qxd4 O-O 11. O-O Qc7 12. Nd2 Rd8 13. Qd3 Bd7 14. Ne4 Be7
15. Ng5 Nf6 16. Bf4 Qb6 17. Qe2 h6 18. Nf3 Bc6 19. c4 Rac8 20. Be3 Bc5 21. Bxc5
Qxc5 22. Nd2 Qb4 23. Nf3 Bxf3 24. Qxf3 Rxc4 25. b3 Rc7 26. Rac1 Rdc8 27. Rxc7
Rxc7 28. Rd1 Nd5 29. Qe2 Qd6 30. Bxd5 exd5 31. Qe8+ Kh7 32. Qb8 a6 33. Qa7 Qc5
34. Qb8 Re7 35. Qf4 Qc2 1/2-1/2

[Event "XIII Festival A"]
[Site "Trieste ITA"]
[Date "2011.09.08"]
[Round "7"]
[White "Bensch, Patrick"]
[Black "Mocchi, Tullio"]
[WhiteElo "2175"]
[BlackElo "2259"]
[Result "0-1"]
[PlyCount "102"]
[EventDate "2011.09.03"]

1. e4 c6 2. d4 d5 3. e5 Bf5 4. Nf3 e6 5. Be2 Ne7 6. O-O Nd7 7. b3 Nc8 8. c4 Be7
9. Ba3 O-O 10. Bxe7 Nxe7 11. Nc3 dxc4 12. bxc4 Ng6 13. Qc1 c5 14. Rd1 Qb8 15.
Nb5 cxd4 16. Rxd4 Ngxe5 17. Nd6 Bg6 18. Qb2 Nc6 19. Rd2 Nc5 20. Qb5 Ne4 21.
Nxe4 Bxe4 22. Rd7 Qc8 23. Qxb7 Qxb7 24. Rxb7 Nd4 25. Rb2 Nxe2+ 26. Rxe2 Bd3 27.
Rd2 Bxc4 28. Rc1 Rfc8 29. Ne5 Bd5 30. Rcd1 Rc5 31. Nd3 Rc4 32. g3 g5 33. f4 Ra4
34. fxg5 Rxa2 35. Nf4 Rxd2 36. Rxd2 a5 37. Nxd5 exd5 38. Rxd5 a4 39. Rd2 a3 40.
Ra2 Kg7 41. Kf2 Kg6 42. h4 Kf5 43. Kf3 Ra4 44. g4+ Ke5 45. h5 Kd5 46. Ra1 a2
47. Kg3 Kc4 48. Kh4 Kb3 49. g6 hxg6 50. hxg6 fxg6 51. Kg5 Kb2 0-1

[Event "XIII Festival A"]
[Site "Trieste ITA"]
[Date "2011.09.08"]
[Round "7"]
[White "Butala, Marjan"]
[Black "Bozza, Stefano"]
[WhiteElo "2074"]
[BlackElo "1833"]
[Result "1/2-1/2"]
[PlyCount "68"]
[EventDate "2011.09.03"]

1. c4 e5 2. Nc3 Nf6 3. g3 g6 4. Bg2 Bg7 5. Nf3 d6 6. d3 O-O 7. O-O Nbd7 8. Bd2
c6 9. b4 a5 10. b5 d5 11. cxd5 cxd5 12. Rc1 Re8 13. Qc2 Nb6 14. e4 dxe4 15.
dxe4 Bd7 16. Rfd1 Qe7 17. Be3 Nc4 18. Bg5 Nb6 19. Nd5 Nbxd5 20. Rxd5 Rac8 21.
Qb1 Qa3 22. Rd3 Rxc1+ 23. Bxc1 Qc5 24. a4 Be6 25. Ba3 Qc4 26. Nxe5 Qxa4 27. Re3
Nd7 28. Nxd7 Bxd7 29. Rb3 Be6 30. Re3 Bc4 31. Bf1 Bxf1 32. Kxf1 Rd8 33. Qb3
Qxb3 34. Rxb3 Bf8 1/2-1/2

[Event "XIII Festival A"]
[Site "Trieste ITA"]
[Date "2011.09.08"]
[Round "7"]
[White "Castelfranchi, Carlo"]
[Black "De Val, Daniele"]
[WhiteElo "2057"]
[BlackElo "2220"]
[Result "1-0"]
[PlyCount "73"]
[EventDate "2011.09.03"]

1. e4 e6 2. d4 d5 3. Nd2 Nf6 4. e5 Nfd7 5. Bd3 c5 6. c3 Nc6 7. Ngf3 g6 8. h4 h6
9. Rh3 Qb6 10. Kf1 Bg7 11. Rg3 cxd4 12. cxd4 Nxd4 13. Nxd4 Qxd4 14. Nf3 Qb6 15.
Be3 Qxb2 16. Bd4 Qa3 17. Qc2 Qe7 18. Rc1 O-O 19. Qe2 b6 20. h5 g5 21. Bb1 f5
22. exf6 Bxf6 23. Rc6 e5 24. Rxf6 Qxf6 25. Qc2 Rf7 26. Be3 Nc5 27. Nxg5 hxg5
28. Rxg5+ Kf8 29. Rg6 Qe7 30. Bh6+ Ke8 31. Bg5 Qf8 32. Qb2 Qh8 33. h6 d4 34.
Qb5+ Bd7 35. Qc4 Rc8 36. Qd5 Bc6 37. Rxc6 1-0

[Event "XIII Festival A"]
[Site "Trieste ITA"]
[Date "2011.09.08"]
[Round "7"]
[White "Cebalo, Miso"]
[Black "Rossi, Carlo"]
[WhiteElo "2478"]
[BlackElo "2346"]
[Result "1-0"]
[PlyCount "89"]
[EventDate "2011.09.03"]

1. c4 Nc6 2. g3 d6 3. Bg2 Bd7 4. Nc3 Qc8 5. d4 e5 6. Nf3 Be7 7. d5 Nd8 8. c5 f5
9. cxd6 cxd6 10. O-O Nf7 11. e4 Nf6 12. exf5 Bxf5 13. Be3 O-O 14. Rc1 Qd7 15.
Nh4 Bh3 16. Qd3 g5 17. Nf3 Qg4 18. Nd2 Qh5 19. f3 e4 20. Ncxe4 Ne5 21. Qe2 Bxg2
22. Kxg2 Nxd5 23. Bd4 Nc6 24. Bg1 Nf6 25. Qb5 Nxe4 26. Nxe4 Rab8 27. Rcd1 Qg6
28. Qd5+ Kg7 29. Bd4+ Kh6 30. Bc3 Rf5 31. Qd3 d5 32. Nf2 d4 33. Ng4+ Kh5 34.
Bxd4 Rd8 35. Ne3 Ra5 36. g4+ Kh6 37. Qc3 Bb4 38. Qc4 Qg8 39. Nf5+ Rxf5 40. Qxg8
Rxg8 41. gxf5 Rf8 42. a3 Be7 43. Rfe1 Rxf5 44. Bc3 Bc5 45. Rd7 1-0

[Event "XIII Festival A"]
[Site "Trieste ITA"]
[Date "2011.09.08"]
[Round "7"]
[White "Ceschia, Ivano"]
[Black "Mertens, Heiko"]
[WhiteElo "2316"]
[BlackElo "2354"]
[Result "1-0"]
[PlyCount "183"]
[EventDate "2011.09.03"]

1. e4 g6 2. d4 Bg7 3. Nc3 c6 4. Nf3 d5 5. h3 dxe4 6. Nxe4 Nd7 7. Bc4 Ndf6 8.
Nxf6+ Nxf6 9. O-O O-O 10. Re1 Bf5 11. Bg5 Be4 12. Ne5 Bd5 13. Bd3 Be6 14. c3
Re8 15. Qd2 Nd7 16. Nf3 Bd5 17. Qe3 Bxf3 18. Qxf3 Nf6 19. Re5 Nd5 20. Re4 Qb6
21. Re2 Qc7 22. Rae1 Bf6 23. Bh6 Bg7 24. Bg5 Bf6 25. Bd2 Rad8 26. Bc4 Qd7 27.
Bh6 Rc8 28. Bb3 b5 29. a3 a6 30. g4 Qd6 31. Bd2 Rcd8 32. g5 Bg7 33. h4 e6 34.
h5 c5 35. h6 Bh8 36. Bxd5 Qxd5 37. Qxd5 Rxd5 38. dxc5 Rxc5 39. Be3 Rd5 40. Rc1
Rc8 41. c4 bxc4 42. Rec2 Kf8 43. Rxc4 Rxc4 44. Rxc4 Bxb2 45. Rc8+ Ke7 46. Rc7+
Ke8 47. Rc8+ Rd8 48. Rc6 Bxa3 49. Rxa6 Be7 50. Ra7 Rc8 51. Kg2 Bc5 52. Bxc5
Rxc5 53. Ra8+ Kd7 54. Ra7+ Rc7 55. Ra8 Rc8 56. Ra7+ Rc7 57. Ra8 Kd6 58. Kg3 f6
59. Rg8 Rf7 60. gxf6 Ke5 61. f4+ Kxf6 62. Re8 Kf5 63. Rb8 e5 64. Rb5 Re7 65.
fxe5 Kg5 66. Kf3 Kxh6 67. Kf4 Kg7 68. Ke4 Kf7 69. Rb6 Ra7 70. Rb4 h6 71. Kd5 g5
72. Ke4 Kg6 73. Rb6+ Kg7 74. e6 Ra1 75. Ke5 Re1+ 76. Kf5 Rf1+ 77. Ke5 h5 78.
Rb7+ Kg6 79. Rb8 Re1+ 80. Kd6 Kf5 81. e7 g4 82. Rf8+ Kg5 83. e8=Q Rxe8 84. Rxe8
g3 85. Ke5 Kg4 86. Ke4 h4 87. Rg8+ Kh3 88. Kf3 g2 89. Kf2 Kh2 90. Rxg2+ Kh1 91.
Rg4 h3 92. Rc4 1-0

[Event "XIII Festival A"]
[Site "Trieste ITA"]
[Date "2011.09.08"]
[Round "7"]
[White "Chatalbashev, Boris"]
[Black "Khmelniker, Ilya"]
[WhiteElo "2566"]
[BlackElo "2518"]
[Result "0-1"]
[PlyCount "208"]
[EventDate "2011.09.03"]

1. Nf3 Nf6 2. c4 g6 3. Nc3 d5 4. cxd5 Nxd5 5. Qa4+ Bd7 6. Qh4 Nxc3 7. dxc3 Nc6
8. Bf4 f6 9. Bh6 e5 10. Bxf8 Kxf8 11. O-O-O Qe7 12. g4 Kg7 13. g5 fxg5 14. Qxg5
Qxg5+ 15. Nxg5 Rad8 16. Bg2 h6 17. Bxc6 bxc6 18. Ne4 Bf5 19. Nc5 Rde8 20. b4
Rhf8 21. Rhg1 Bc8 22. f3 Rf4 23. Kb2 g5 24. a4 Rh4 25. Rg2 Bh3 26. Rf2 Rf8 27.
Rd3 e4 28. Re3 exf3 29. exf3 Bc8 30. Re7+ Rf7 31. Rxf7+ Kxf7 32. Nd3 Kf6 33. f4
g4 34. Ne5 Rh3 35. Nxc6 Rf3 36. Rd2 a6 37. b5 axb5 38. a5 Bb7 39. Nb4 c5 40.
Nd3 b4 41. c4 Ba6 42. Nxc5 Bxc4 43. a6 Ra3 44. Rd4 Bxa6 45. Rxb4 Rh3 46. Nxa6
Rxh2+ 47. Kc3 g3 48. Rb8 g2 49. Rg8 Kf7 50. Rg4 h5 51. Rg5 h4 52. Nc5 Rh3+ 53.
Nd3 Rxd3+ 54. Kxd3 h3 55. Ke3 h2 56. Rxg2 h1=Q 57. Rg5 Ke6 58. Re5+ Kf6 59. Rg5
Qe1+ 60. Kf3 Qd2 61. Re5 Qd1+ 62. Kg3 Qf1 63. Rg5 Qd3+ 64. Kf2 Qe4 65. Kg3 Qe3+
66. Kg4 Qf2 67. Rf5+ Ke6 68. Re5+ Kd6 69. Kf5 Qf3 70. Re6+ Kd5 71. Re5+ Kd4 72.
Re6 Qh5+ 73. Kf6 Qh6+ 74. Kf5 Qf8+ 75. Kg5 Qg7+ 76. Rg6 Qe7+ 77. Kg4 Qe2+ 78.
Kg5 Qg2+ 79. Kf6 Qf2 80. f5 Qh4+ 81. Ke6 Qe4+ 82. Kf6 Kd5 83. Kg5 Qg2+ 84. Kf6
Qf3 85. Rg7 Ke4 86. Re7+ Kf4 87. Kg7 Qg3+ 88. Kf6 Qg5+ 89. Ke6 Qxf5+ 90. Kd6
Qd3+ 91. Kc7 Qd5 92. Rd7 Qc5+ 93. Kb7 Ke5 94. Rc7 Qb5+ 95. Ka8 Kd6 96. Rh7 Qe8+
97. Ka7 Qe3+ 98. Kb8 Qb6+ 99. Ka8 Qb1 100. Rb7 Qe4 101. Kb8 Qd5 102. Rb6+ Kd7
103. Rh6 Qe5+ 104. Ka7 Qe3+ 0-1

[Event "XIII Festival A"]
[Site "Trieste ITA"]
[Date "2011.09.08"]
[Round "7"]
[White "Erdos, Viktor"]
[Black "Banusz, Tamas"]
[WhiteElo "2608"]
[BlackElo "2552"]
[Result "1/2-1/2"]
[PlyCount "60"]
[EventDate "2011.09.03"]

1. Nf3 d5 2. d4 Nf6 3. c4 e6 4. Nc3 c6 5. Bg5 dxc4 6. e4 b5 7. e5 h6 8. Bh4 g5
9. Nxg5 hxg5 10. Bxg5 Nbd7 11. g3 Bb7 12. Bg2 Qb6 13. exf6 c5 14. d5 b4 15. O-O
O-O-O 16. Rb1 Qa6 17. dxe6 Bxg2 18. e7 Bxf1 19. Qd5 Bxe7 20. fxe7 Bd3 21. Ne4
Bxb1 22. Nd6+ Kc7 23. Bf4 Kb6 24. Nxc4+ Kb5 25. Nd6+ Kb6 26. exd8=B+ Rxd8 27.
Nc4+ Kb5 28. Nd6+ Kb6 29. Nc4+ Kb5 30. Nd6+ Kb6 1/2-1/2

[Event "XIII Festival A"]
[Site "Trieste ITA"]
[Date "2011.09.08"]
[Round "7"]
[White "Golod, Vitali"]
[Black "Baklan, Vladimir"]
[WhiteElo "2579"]
[BlackElo "2617"]
[Result "1/2-1/2"]
[PlyCount "24"]
[EventDate "2011.09.03"]

1. d4 Nf6 2. Nf3 e6 3. c4 b6 4. g3 Bb4+ 5. Bd2 a5 6. Bg2 O-O 7. O-O Ba6 8. Qc2
d5 9. Bxb4 axb4 10. Nbd2 dxc4 11. Nxc4 Bb7 12. Rfc1 Be4 1/2-1/2

[Event "XIII Festival A"]
[Site "Trieste ITA"]
[Date "2011.09.08"]
[Round "7"]
[White "Hansen, Victor"]
[Black "Laco, Giuseppe"]
[WhiteElo "2123"]
[BlackElo "2116"]
[Result "1-0"]
[PlyCount "109"]
[EventDate "2011.09.03"]

1. c4 e5 2. Nc3 c6 3. d4 exd4 4. Qxd4 Nf6 5. Bg5 Be7 6. e4 O-O 7. O-O-O Qa5 8.
f4 Bc5 9. Qd3 Ng4 10. Nh3 f6 11. Bh4 Bb4 12. Be2 Nh6 13. Be1 Na6 14. a3 Nc5 15.
Qc2 Bxc3 16. Bxc3 Qc7 17. e5 a5 18. g4 f5 19. Ng5 Ne6 20. Bd3 g6 21. gxf5 Nxf5
22. Nxe6 dxe6 23. Qf2 Bd7 24. h4 h5 25. Rhg1 Be8 26. Qf3 Kh7 27. Rg5 Rd8 28.
Rdg1 b5 29. Bxf5 Rxf5 30. Rxf5 exf5 31. Qe3 c5 32. cxb5 Bxb5 33. Qe1 Ra8 34.
Qg3 Be8 35. Qg5 Qf7 36. e6 Qf8 37. Rd1 Ra7 38. Qd8 Qe7 39. Qb8 Rb7 40. Qe5 Qf8
41. Bxa5 Qg8 42. Bc3 Re7 43. Rd6 Ba4 44. Qxc5 Qe8 45. Bf6 Qa8 46. Bxe7 Qh1+ 47.
Kd2 Qd1+ 48. Kc3 Qb3+ 49. Kd4 Qd1+ 50. Ke5 Qe1+ 51. Kf6 Be8 52. Rd4 Qxh4+ 53.
Ke5 Qe1+ 54. Kd6 Qf2 55. Bf6 1-0

[Event "XIII Festival A"]
[Site "Trieste ITA"]
[Date "2011.09.08"]
[Round "7"]
[White "Ivanovic, Andrej"]
[Black "Suc, Timothy"]
[WhiteElo "2016"]
[BlackElo "2053"]
[Result "1/2-1/2"]
[PlyCount "84"]
[EventDate "2011.09.03"]

1. d4 d6 2. Nf3 g6 3. c4 Nf6 4. Nc3 Bf5 5. Bf4 Bg7 6. h3 Ne4 7. Nxe4 Bxe4 8. e3
c5 9. Be2 cxd4 10. exd4 O-O 11. O-O Nc6 12. d5 Bxf3 13. Bxf3 Na5 14. Qe2 Rc8
15. Rac1 b6 16. Rfe1 Re8 17. b4 Nb7 18. Qd3 Rc7 19. Bd1 Qd7 20. Bb3 Bf6 21. Be3
Rec8 22. Rb1 Qe8 23. Bd4 Qf8 24. Bxf6 exf6 25. Re2 Re7 26. Ba4 Rcc7 27. Rbe1
Kg7 28. Bb5 h5 29. Re3 Qd8 30. Qd4 Qf8 31. Kh2 Qd8 32. Bc6 Qf8 33. Rxe7 Rxe7
34. Rxe7 Qxe7 35. Bxb7 Qxb7 36. c5 dxc5 37. bxc5 bxc5 38. Qxc5 Qd7 39. d6 Qa4
40. Qd5 Qf4+ 41. Kg1 Qc1+ 42. Kh2 Qf4+ 1/2-1/2

[Event "XIII Festival A"]
[Site "Trieste ITA"]
[Date "2011.09.08"]
[Round "7"]
[White "Narayanan, Srinath"]
[Black "Volkov, Sergey"]
[WhiteElo "2336"]
[BlackElo "2614"]
[Result "1/2-1/2"]
[PlyCount "36"]
[EventDate "2011.09.03"]

1. e4 e6 2. d4 d5 3. Nc3 Nf6 4. e5 Nfd7 5. Nce2 c5 6. c3 Nc6 7. Nf3 Qb6 8. a3
c4 9. Nf4 Na5 10. g3 Be7 11. h4 Nb3 12. Rb1 Nxc1 13. Rxc1 Qc6 14. Bh3 b5 15.
Nh5 Rg8 16. Qc2 g6 17. Nf4 Bb7 18. Nh2 O-O-O 1/2-1/2

[Event "XIII Festival A"]
[Site "Trieste ITA"]
[Date "2011.09.08"]
[Round "7"]
[White "Oparin, Grigoriy"]
[Black "Grigorov, Grigor"]
[WhiteElo "2413"]
[BlackElo "2484"]
[Result "1/2-1/2"]
[PlyCount "59"]
[EventDate "2011.09.03"]

1. e4 c5 2. Nf3 d6 3. d4 cxd4 4. Nxd4 Nf6 5. Nc3 a6 6. Be2 e6 7. a4 Nc6 8. Be3
Be7 9. O-O O-O 10. f4 Qc7 11. Kh1 Re8 12. Qd2 Bd7 13. Rad1 Nxd4 14. Bxd4 Bc6
15. Qe3 Nd7 16. e5 dxe5 17. fxe5 Bc5 18. Bxc5 Nxc5 19. Rd4 Nd7 20. Rd6 f6 21.
exf6 Qxd6 22. f7+ Kh8 23. fxe8=Q+ Rxe8 24. Bf3 Bxf3 25. Rxf3 Nf6 26. h3 Qb4 27.
Qf2 Qxb2 28. Rxf6 gxf6 29. Qxf6+ Kg8 30. Qg5+ 1/2-1/2

[Event "XIII Festival A"]
[Site "Trieste ITA"]
[Date "2011.09.08"]
[Round "7"]
[White "Pasquotto, Mirko"]
[Black "Martinsen, Stig K."]
[WhiteElo "1899"]
[BlackElo "2173"]
[Result "0-1"]
[PlyCount "76"]
[EventDate "2011.09.03"]

1. d4 e6 2. c4 b6 3. Nf3 Bb7 4. g3 f5 5. Bg2 Nf6 6. O-O g6 7. Nc3 Bg7 8. h4 O-O
9. Bg5 h6 10. Bf4 Ne4 11. Qc1 Kh7 12. Qe3 Na6 13. a3 c5 14. Be5 Qe7 15. Rfd1 d6
16. Bxg7 Qxg7 17. Nb5 Rfd8 18. dxc5 bxc5 19. Nd2 d5 20. Nxe4 fxe4 21. Qc3 d4
22. Qc2 Qe5 23. Rab1 Qf5 24. Qd2 e3 25. fxe3 Bxg2 26. Kxg2 Qe4+ 27. Kh2 dxe3
28. Qa5 Rd2 29. Rxd2 exd2 30. Qxd2 Qxb1 31. Qd7+ Kh8 32. Nd6 Qf1 33. Nf7+ Kg8
34. Nxh6+ Kf8 35. Qxe6 Kg7 36. h5 Qf2+ 37. Kh3 Qf6 38. Nf5+ Qxf5+ 0-1